Normal view
MARC view
Entry Personal Name
001 - CONTROL NUMBER
- control field: 767378
003 - CONTROL NUMBER IDENTIFIER
- control field: OSt
005 - DATE AND TIME OF LATEST TRANSACTION
- control field: 20250508155735.0
008 - FIXED-LENGTH DATA ELEMENTS
- fixed length control field: 250508|| aca||aabn | a|a d
040 ## - CATALOGING SOURCE
- Original cataloging agency: OSt
- Transcribing agency: OSt
100 ## - HEADING--PERSONAL NAME
- Personal name: Rattan Ved
670 ## - SOURCE DATA FOUND
- Source citation: Work cat.: (OSt)1359051: Rattan Ved, Investigation into some factors affecting the achievement of N.S.T.S. scholars in university courses., 1972
